কোম্পানী আইন ১৯৯৪ / (Record no. 7059)
[ view plain ]
| 000 -LEADER | |
|---|---|
| fixed length control field | 00694nam a22001937a 4500 |
| 003 - CONTROL NUMBER IDENTIFIER | |
| control field | BUBTL |
| 008 - FIXED-LENGTH DATA ELEMENTS--GENERAL INFORMATION | |
| fixed length control field | 230704b ||||| |||| 00| 0 eng d |
| 041 ## - LANGUAGE CODE | |
| Language code of text/sound track or separate title | বাংলা |
| 082 ## - DEWEY DECIMAL CLASSIFICATION NUMBER | |
| Classification number | 346.066/ R1293c/ 2005 |
| 100 ## - MAIN ENTRY--PERSONAL NAME | |
| 9 (RLIN) | 2440 |
| Personal name | রহমান, মোঃ মাহবুবুর |
| 245 ## - TITLE STATEMENT | |
| Title | কোম্পানী আইন ১৯৯৪ / |
| Remainder of title | মোঃ মাহবুবুর রহমান : |
| 250 ## - EDITION STATEMENT | |
| Edition statement | ২য় সং |
| 260 ## - PUBLICATION, DISTRIBUTION, ETC. (IMPRINT) | |
| Place of publication, distribution, etc. | ঢাকা |
| Name of publisher, distributor, etc. | সামস পাবলিকেশন্স |
| Date of publication, distribution, etc. | c২০০৫ইং |
| 300 ## - PHYSICAL DESCRIPTION | |
| Extent | 495p . : |
| Other physical details | ill. ; |
| Dimensions | 21 cm. |
| 650 #0 - SUBJECT ADDED ENTRY--TOPICAL TERM | |
| 9 (RLIN) | 26 |
| Topical term or geographic name as entry element | Law |
| 856 ## - ELECTRONIC LOCATION AND ACCESS | |
| Password | 0 |
| Logon | 0 |
| Link text | Download |
| 942 ## - ADDED ENTRY ELEMENTS (KOHA) | |
| Source of classification or shelving scheme | |
| Koha item type | Books |
| Withdrawn status | Lost status | Source of classification or shelving scheme | Damaged status | Not for loan | Collection code | Permanent location | Current location | Shelving location | Date acquired | Source of acquisition | Inventory number | Total Checkouts | Full call number | Barcode | Date last seen | Copy number | Price effective from | Koha item type |
|---|---|---|---|---|---|---|---|---|---|---|---|---|---|---|---|---|---|---|
| Not For Loan | Non-fiction | Bangladesh University of Business and Technology Library | Bangladesh University of Business and Technology Library | Law Stacks | 08/01/2006 | Purchase | 3184 | 346.066/ R1293c/ 2005 | BUBTL-20033184 | 07/04/2023 | C-1 | 07/04/2023 | Books |
